000 00586nam a2200229Ia 4500
005 20260320201743.0
008 008 262003s9999 xx 000 0 eng d
037 _aEBOOK
040 _aCRL
040 _beng
040 _cCRL
041 _2eng
041 _aeng
084 _qCRL
100 _aTsing
_91135842
245 4 _aThe Mushroom at the End of the World: On the Possibility of Life in Capitalist Ruins
260 _bIEEE
856 _uhttps://ieeexplore.ieee.org/servlet/opac?bknumber=10109243
942 _cEBOOK
999 _c1723338
_d1723338